Baseball Logic Puzzle Quiz Stats

 Plays Quiz not verified by Sporcle

Score 0/28 Timer 12:00
2 Plays Today
Teams Hint % Correct

Giants



???
100%

DiamondBacks



???
83.9%

Reds



???
82.5%

Nationals



???
81.4%

Yankees



???
77.4%

Marlins



???
76.7%

Red Sox



???
73.6%

Phillies



???
72.4%

Rays



???
70.9%

Royals



???
61.8%

Rangers



???
54.1%

Padres



???
52.7%

Brewers



???
46.8%

Astros



???
42.8%
Teams Hint % Correct

Pirates



???
40.8%

Twins



???
34.4%

Braves



???
33.7%

Dodgers



???
32.1%

Blue Jays



???
31.5%

A's



???
30.3%

Indians



???
29.2%

Tigers



???
25.6%

WhiteSox



???
20.8%

Mariners



???
20.6%

Angels



???
17.8%

Orioles



???
17%

Rockies



???
16.8%

Cubs



???
16.2%

You're not logged in!

Compare scores with friends on all Sporcle quizzes.
OR
Log In

You Might Also Like...

Show Comments

Extras

Top Quizzes Today


Score Distribution

Your Account Isn't Verified!

In order to create a playlist on Sporcle, you need to verify the email address you used during registration. Go to your Sporcle Settings to finish the process.

Report this User

Report this user for behavior that violates our Community Guidelines.

Details: